000 00881nmc a2200301 a 4500
003 AR-BaBNM
005 20251128203245.0
008 095019s1989 ||||||||||||||000 | spa||
020 _a84-7046-216-4
040 _cAR-BaBNM
100 1 _aRotger Amengual, Bartolomé
245 1 0 _aLas técnicas de estudio en los programas escolares
260 _aMadrid
_bCincel-Kapelusz
_c1989
300 0 _a132 p.
_bil., tablas
490 0 _aDiálogos en educación
_vv. 9
504 _aBibliografía en p. 131-132
650 4 _aMETODOS DE ESTUDIO
650 4 _aPROCESO DE APRENDIZAJE
650 4 _aTECNICAS DE INVESTIGACION
650 4 _aEXPRESION ORAL
650 4 _aCOMPRENSION
650 4 _aAPRENDIZAJE
650 4 _aPROGRAMAS DE ENSENANZA
653 0 _aEXPRESION ESCRITA
800 1 _aRodríguez Diéguez, José Luis
_eeditor
_ecoordinador
942 _cBK
998 _cMarce
999 _c2596
_d2596